Save Your Kisses For Me - Brotherhood of Man (All Lyrics) - Statistics

General Stats
  • This quiz has been taken 27 times
  • The average score is 208 of 282
Answer Stats
Answer % Correct
I
100%
(I
100%
on
100%
on,
100%
you
100%
you),
100%
baby,
94%
for
94%
it
94%
kisses
94%
Kisses
94%
love
94%
me
94%
me,
94%
save
94%
the
94%
your
94%
Your
94%
all
89%
Bye,
89%
bye,
89%
bye
89%
go
89%
I'm
89%
do
83%
to
83%
away,
78%
away
78%
I'll
78%
it's
78%
So
78%
so
78%
stay
78%
Though
78%
though
78%
be
72%
But
72%
but
72%
honey,
72%
honey
72%
one
72%
say
72%
thing
72%
hurts
67%
in
67%
is
67%
more
67%
of
67%
time
67%
and
61%
cry,
61%
cry
61%
Don't
61%
don't
61%
have
61%
know
61%
there's
61%
back
56%
before
56%
got
56%
must
56%
soon
56%
them
56%
will
56%
impossible
50%
I've
50%
long,
50%
long
50%
only
50%
out
50%
you'll
50%
You're
50%
you're
50%
even
44%
everything
44%
moving
44%
promise
44%
that
44%
That
44%
thinking
44%
way
44%
why
44%
With
44%
with
44%
cute
39%
cute,
39%
door
39%
smile
39%
three.
39%
true
39%
up
39%
won't
39%
Won't
39%
day
33%
home
33%
keep
33%
little
33%
most
33%
that's
33%
walk
33%
while
33%
work
33%
'Cause
28%
gone
28%
Hang
28%
hang
28%
Now
28%
you've
28%
count
22%
each
22%
hanging
22%
seconds
22%
should
22%
'til
22%
dare
17%
gee,
17%
Gonna
17%
really
17%
No matching quizzes found
Score Distribution
Percent of People with Each Score
Percentile by Number Answered
Your Score History
You have not taken this quiz